000 00431nam a22001697a 4500
005 20160514113129.0
008 160514b xxu||||| |||| 00| 0 eng d
020 _a0-7506-5362-0
041 _aeng
082 _b2152
100 _aLinda Holbeche
_9613
245 _aAligrining Human Resource and Business Strategy
260 _bButter worth Heinemen Reblication
_c2004
300 _a443
650 _aManagement
_9241
942 _cBK
999 _c790
_d790